Kitāb al-ajnās min kalām al-ʻArab : wa-mā ishtabaha fī al-lafẓ wa-ikhtalafa fī al-maʻná /
Main Author:
Other Authors:
Format: Book
Language: Arabic
Published:
Bambaʼī :
al-Maṭbaʻah al-Qayyimah,
1938.
Series:
Silsilat Maṭbūʻāt al-Maktabah al-Rāmafūrīyah ;
2.
Subjects:
Tags: Add Tag
Call Number: PJ6190 .A288 1938
| LEADER | 02012nam a2200301Ia 4500 | ||
|---|---|---|---|
| 003 | OSt | ||
| 005 | 20230927090212.0 | ||
| 008 | 130303s1938 ii b 001 0 ara d | ||
| 952 | |0 0 |1 0 |2 lcc |4 0 |6 PJ6190 A288 01938 |7 1 |9 50257 |a ARCE |b ARCE |d 2023-09-27 |l 0 |o PJ6190 .A288 1938 |p 1026768 |r 2023-09-27 00:00:00 |w 2023-09-27 |y BK | ||
| 999 | |c 30034 |d 30034 | ||
| 040 | |c ARCE Library | ||
| 050 | 4 | |a PJ6190 .A288 1938 | |
| 100 | 0 | |6 880-01 |a Abū ʻUbayd al-Qāsim ibn Sallām, |d approximately 773-approximately 837, |e author | |
| 245 | 1 | 0 | |6 880-02 |a Kitāb al-ajnās min kalām al-ʻArab : |b wa-mā ishtabaha fī al-lafẓ wa-ikhtalafa fī al-maʻná / |c li-Abī ʻUbayd al-Qāsim ibn Sallām al-Naḥwī al-Harawī al-Baghdādī ; Bi-taṣḥīḥ Imtiyāz ʻAlī ʻArshī al-Rāmafūrī. |
| 264 | 1 | |a Bambaʼī : |b al-Maṭbaʻah al-Qayyimah, |c 1938. | |
| 300 | |a 52, 4 pages ; |c 22 cm. | ||
| 490 | 1 | |a Silsilat Maṭbūʻāt al-Maktabah al-Rāmafūrīyah ; |v 2. | |
| 500 | |a Added title pages : Kitābu'l-ajnās min kalāmi'l-'Arab, of Abū 'Ubaid al-Qāsim b. Sallām al-Harawī al-Baghdādī. | ||
| 504 | |a Includes bibliographical references and indexes. | ||
| 650 | 0 | |a Arabic language |x Homonyms. | |
| 650 | 0 | |a Arabic language |x Lexicography. | |
| 700 | 1 | |a ʻArshī, Imtiyāz ʻAlī K̲h̲ān̲, |d 1904-1981. | |
| 740 | 0 | |a Kitābu'l-ajnās min kalāmi'l-'Arab. | |
| 830 | 0 | |a Silsilat Maṭbūʻāt al-Maktabah al-Rāmafūrīyah ; |v 2. | |
| 880 | 0 | |6 100-01/(3/r |a أبو عبيد القاسم بن سلام، |d حوالي 773-حوالي 837. | |
| 880 | 1 | 0 | |6 245-02/(3/r |a كتاب الأجناس من كلام العرب و ما اشتبه في اللفظ و اختلف في المعني |c لأبي عبيد القاسم بن سلام النحوي الهروي البغدادي ؛ بتصحيح إمتياز علي عرشي الرامفوري |
| 901 | |a reviewed | ||
| 942 | |c BK |2 lcc | ||
